000 00611nam a2200193 i 4500
001 109186
003 ES-MaACL
005 20250822062550.0
007 t|
008 061121s1933 sp r ||||1| spa d
100 1 _aMüller, Aloys.
_984035
245 1 0 _aPsicología
_b: ensayo de una teoría fenomenológica de lo psíquico /
_cAloys Müller ; traducción del alemán por José Gaos.
260 _aMadrid :
_bRevista de Occidente,
_c1933.
300 _a314 p. ;
_c23 cm.
650 0 7 _aPsicología
_2embne
_916540
700 1 _aGaos, José.
_953902
852 _aES-MaACL
_jA-1770
999 _c109186
_d109186